[Event "Manaus Regional Norte-ch"]
[Site "Manaus"]
[Date "2017.09.09"]
[Round "4"]
[White "Presa, Luis Alberto Passos"]
[Black "Arenillas, Ramses"]
[Result "0-1"]
[WhiteElo "1728"]
[BlackElo "1924"]
[PlyCount "32"]
[EventDate "2017.09.07"]
[EventType "swiss"]
[EventRounds "7"]
[EventCountry "BRA"]
[SourceTitle "CBM 180 Extra"]
[Source "ChessBase"]
[SourceDate "2017.10.06"]
[SourceVersion "1"]
[SourceVersionDate "2017.10.06"]
[SourceQuality "1"]

1. d4 d5 2. Nf3 Nf6 3. b3 Bf5 4. e3 e6 5. Bd3 Bg6 6. Bb2 Bd6 7. 0-0 Nbd7 8. c4 c6 9. Nc3 Ne4 10. Qc2 Ndf6 11. c5 Bc7 12. b4 0-0 13. a4 Nxc3 14. Bxc3 Be4 15. Nd2 Ng4 16. g3 Qh4 0-1

[Event "Manaus Regional Norte-ch"]
[Site "Manaus"]
[Date "2017.09.07"]
[Round "1"]
[White "Arenillas, Ramses"]
[Black "Da Silva, Deomar Cesar Cheres"]
[Result "1-0"]
[WhiteElo "1924"]
[BlackElo "1865"]
[PlyCount "47"]
[EventDate "2017.09.07"]
[EventType "swiss"]
[EventRounds "7"]
[EventCountry "BRA"]
[SourceTitle "CBM 180 Extra"]
[Source "ChessBase"]
[SourceDate "2017.10.06"]
[SourceVersion "1"]
[SourceVersionDate "2017.10.06"]
[SourceQuality "1"]

1. d4 Nf6 2. Bf4 e6 3. e3 g6 4. c4 c6 5. Nc3 Bg7 6. Bd6 Bf8 7. Bxf8 Kxf8 8. Bd3 d5 9. Nf3 dxc4 10. Bxc4 b5 11. Bd3 Bb7 12. 0-0 Kg7 13. Rc1 Qd6 14. e4 Qf4 15. Ne2 Qg4 16. Rc5 e5 17. Nxe5 Qe6 18. Bb1 Nbd7 19. Nxd7 Nxd7 20. Rc1 Rhd8 21. Qd2 Qf6 22. e5 Nxe5 23. dxe5 Qxe5 24. Qc3 1-0

[Event "Manaus Regional Norte-ch"]
[Site "Manaus"]
[Date "2017.09.07"]
[Round "2"]
[White "Reis, Renan do Carmo"]
[Black "Arenillas, Ramses"]
[Result "1-0"]
[WhiteElo "2247"]
[BlackElo "1924"]
[PlyCount "105"]
[EventDate "2017.09.07"]
[EventType "swiss"]
[EventRounds "7"]
[EventCountry "BRA"]
[SourceTitle "CBM 180 Extra"]
[Source "ChessBase"]
[SourceDate "2017.10.06"]
[SourceVersion "1"]
[SourceVersionDate "2017.10.06"]
[SourceQuality "1"]

1. e4 Nf6 2. e5 Nd5 3. d4 d6 4. c4 Nb6 5. f4 dxe5 6. fxe5 Nc6 7. Be3 Bf5 8. Nc3 e6 9. Nf3 Bg4 10. Be2 Bxf3 11. gxf3 Qh4+ 12. Bf2 Qf4 13. c5 Nd7 14. Qc1 Qf5 15. Qb1 Qf4 16. Qc1 Qf5 17. Qb1 Qf4 18. Qe4 Qxe4 19. fxe4 0-0-0 20. 0-0-0 Be7 21. Rhg1 g6 22. a3 a6 23. Be3 h5 24. Rgf1 Rh7 25. b4 Ndb8 26. Kc2 Nd7 27. Bc4 Rf8 28. Ba2 Nd8 29. Rd2 g5 30. Rg2 Rg8 31. Bc4 g4 32. Be2 Rf8 33. a4 f6 34. exf6 Rxf6 35. Rxf6 Bxf6 36. e5 Bh4 37. b5 axb5 38. axb5 Rf7 39. Ne4 Nf8 40. Rg1 Ng6 41. Ra1 Kb8 42. Ng3 Nf4 43. Bc4 Ng2 44. Bd2 Rf2 45. Kd3 Rf3+ 46. Ke4 Bxg3 47. hxg3 Rxg3 48. Rf1 Kc8 49. Rf8 Kd7 50. Bg5 Nc6 51. bxc6+ Kxc6 52. Rf6 b5 53. Bd5+ 1-0

[Event "Santarem Alter do Chao op"]
[Site "Santarem"]
[Date "2017.08.12"]
[Round "3"]
[White "Perdomo, Leandro Daniel"]
[Black "Arenillas, Ramses"]
[Result "1-0"]
[WhiteElo "2457"]
[BlackElo "1881"]
[PlyCount "103"]
[EventDate "2017.08.11"]
[EventType "swiss"]
[EventRounds "6"]
[EventCountry "BRA"]
[SourceTitle "CBM 180 Extra"]
[Source "ChessBase"]
[SourceDate "2017.10.06"]
[SourceVersion "1"]
[SourceVersionDate "2017.10.06"]
[SourceQuality "1"]

1. d4 Nf6 2. c4 e6 3. Nc3 d5 4. cxd5 exd5 5. Bg5 c6 6. Qc2 Bd6 7. e3 0-0 8. Bd3 h6 9. Bh4 Re8 10. Nge2 Nbd7 11. Ng3 Nf8 12. Nf5 Bxf5 13. Bxf5 Be7 14. Bg3 Ne6 15. 0-0 Bd6 16. Bh4 g5 17. Bg3 Bxg3 18. hxg3 Kg7 19. g4 Qd6 20. g3 h5 21. gxh5 Nxh5 22. Kg2 Rh8 23. Rh1 Rag8 24. Ne2 Nf6 25. g4 Qb8 26. Ng3 Rxh1 27. Rxh1 Rh8 28. Rxh8 Qxh8 29. Qa4 Qb8 30. Qa3 Nf8 31. Qe7 Ng6 32. Nh5+ Nxh5 33. Bxg6 Kxg6 34. gxh5+ Kxh5 35. Qxf7+ Kh6 36. Qf6+ Kh5 37. Qg7 g4 38. b4 Qd6 39. Qxb7 Qf6 40. Qc7 Qf3+ 41. Kg1 Qd1+ 42. Kh2 Qc2 43. Qf7+ Kg5 44. Kg3 Qxa2 45. Qf4+ Kg6 46. Qd6+ Kf7 47. Qxc6 Qb3 48. Qb7+ Ke6 49. Qa6+ Kf5 50. Qxa7 Qd1 51. Qf7+ Ke4 52. Qg6# 1-0

[Event "Manaus Amazonia-ch"]
[Site "Manaus"]
[Date "2017.04.13"]
[Round "1"]
[White "Arenillas, Ramses"]
[Black "Freire da Silva, Lucivaldo"]
[Result "1-0"]
[WhiteElo "1906"]
[BlackElo "1760"]
[PlyCount "57"]
[EventDate "2017.04.13"]
[EventType "swiss"]
[EventRounds "7"]
[EventCountry "BRA"]
[SourceTitle "CBM 177 Extra"]
[Source "ChessBase"]
[SourceDate "2017.04.27"]
[SourceVersion "1"]
[SourceVersionDate "2017.04.27"]
[SourceQuality "1"]

1. d4 Nf6 2. Bf4 e6 3. e3 c5 4. c3 Be7 5. Nf3 Nc6 6. Bd3 b6 7. h3 Bb7 8. Nbd2 d5 9. 0-0 0-0 10. Qe2 c4 11. Bc2 Bd6 12. Bxd6 Qxd6 13. e4 Qf4 14. e5 Nd7 15. Nh2 f6 16. exf6 Qxf6 17. Ng4 Qe7 18. f4 Rf7 19. Rae1 Re8 20. g3 Nf6 21. Ne5 Nxe5 22. fxe5 Nd7 23. Rxf7 Qxf7 24. Rf1 Qe7 25. Qh5 g6 26. Bxg6 hxg6 27. Qxg6+ Qg7 28. Qxe8+ Kh7 29. Rf7 1-0

[Event "Amazonense-ch"]
[Site "Manaus"]
[Date "2016.10.23"]
[Round "9.4"]
[White "Arenillas, Ramses"]
[Black "De Oliveira Freitas, Reinier Alex"]
[Result "1-0"]
[WhiteElo "1834"]
[BlackElo "1861"]
[PlyCount "155"]
[EventDate "2016.10.15"]
[EventType "tourn"]
[EventRounds "8"]
[EventCountry "BRA"]
[SourceTitle "EXT 2022"]
[Source "ChessBase"]
[SourceDate "2021.10.06"]
[SourceVersion "1"]
[SourceVersionDate "2021.10.06"]
[SourceQuality "1"]

1. d4 Nf6 2. c4 e6 3. Nc3 d5 4. Bg5 Be7 5. e3 c6 6. Nf3 h6 7. Bh4 b6 8. Bd3 Ba6 9. cxd5 Bxd3 10. Qxd3 exd5 11. 0-0 Nbd7 12. Rac1 0-0 13. Rfd1 Re8 14. Qa6 Qb8 15. Na4 Rc8 16. Bg3 Bd6 17. Rc2 Bxg3 18. hxg3 Qd6 19. Rdc1 Ne4 20. Ne1 Rc7 21. Nd3 Rac8 22. Nc3 Ndf6 23. Ne5 Nxc3 24. Rxc3 c5 25. Qa3 Ne4 26. R3c2 f6 27. Nd3 a5 28. dxc5 Nxc5 29. Kf1 Kf7 30. Nxc5 Rxc5 31. Qd3 Rxc2 32. Rxc2 Rxc2 33. Qxc2 Qb4 34. Ke2 Qg4+ 35. Kd2 Qb4+ 36. Qc3 Qb5 37. Qc1 Qb4+ 38. Qc3 Qb5 39. Qc7+ Kg6 40. Qc2+ Kf7 41. Qc7+ Kg8 42. Qc8+ Kh7 43. Qf5+ Kh8 44. Qc8+ Kh7 45. Qc1 d4 46. Qc2+ Kh8 47. exd4 Qd5 48. Ke3 Qg5+ 49. Ke2 Qd5 50. Qc3 b5 51. b3 a4 52. Ke3 Qe6+ 53. Kd2 Qf5 54. Ke3 Qe6+ 55. Kd2 Qf5 56. f3 Qg5+ 57. f4 Qd5 58. Kc1 Qxg2 59. Qc8+ Kh7 60. Qc2+ Qxc2+ 61. Kxc2 axb3+ 62. Kxb3 g5 63. fxg5 fxg5 64. d5 Kg7 65. g4 Kf7 66. Kb4 Ke7 67. Kc5 h5 68. gxh5 g4 69. h6 g3 70. h7 g2 71. h8Q g1Q+ 72. Qd4 Qb1 73. d6+ Ke8 74. Qe5+ Kf7 75. Qe7+ Kg6 76. Qe6+ Kg7 77. d7 Qd3 78. Qe7+ 1-0

[Event "Amazonense-ch"]
[Site "Manaus"]
[Date "2016.10.22"]
[Round "7.4"]
[White "De Oliveira, Victor Gabriel C"]
[Black "Arenillas, Ramses"]
[Result "0-1"]
[WhiteElo "2087"]
[BlackElo "1834"]
[PlyCount "94"]
[EventDate "2016.10.15"]
[EventType "tourn"]
[EventRounds "8"]
[EventCountry "BRA"]
[SourceTitle "EXT 2022"]
[Source "ChessBase"]
[SourceDate "2021.10.06"]
[SourceVersion "1"]
[SourceVersionDate "2021.10.06"]
[SourceQuality "1"]

1. e4 e6 2. d4 d5 3. e5 c5 4. c3 Qb6 5. Nf3 Nc6 6. Bd3 cxd4 7. cxd4 Qb4+ 8. Nc3 Bd7 9. a3 Qb6 10. Be3 Nge7 11. 0-0 Ng6 12. h4 Be7 13. h5 Nf8 14. b4 f5 15. Rc1 g6 16. Na4 Qd8 17. Nc5 Rb8 18. Qd2 Rg8 19. Nb3 a6 20. Nc5 Bc8 21. Nxa6 bxa6 22. Rxc6 Bb7 23. Rc2 g5 24. Qc3 Rc8 25. Qb3 Rxc2 26. Qxc2 g4 27. Ne1 Qb6 28. g3 Nd7 29. Ng2 Kf7 30. Bxf5 exf5 31. Qxf5+ Ke8 32. Qxh7 Qe6 33. Nf4 Nf8 34. Qd3 Qb6 35. Rc1 Bg5 36. Ng2 Bxe3 37. Nxe3 Ne6 38. Qh7 Rg7 39. Qh8+ Kd7 40. h6 Rf7 41. h7 Ng5 42. Nxd5 Nh3+ 43. Kf1 Qb5+ 44. Ke1 Qxd5 45. Rc2 Qh1+ 46. Kd2 Rxf2+ 47. Kc3 Qc6+ 0-1

[Event "Manaus Amazonas-ch"]
[Site "Manaus"]
[Date "2016.09.18"]
[Round "7"]
[White "Arenillas, Ramses"]
[Black "Leite, Thales Ferreira"]
[Result "0-1"]
[WhiteElo "1859"]
[BlackElo "1743"]
[PlyCount "91"]
[EventDate "2016.09.09"]
[EventType "swiss"]
[EventRounds "7"]
[EventCountry "BRA"]
[SourceTitle "CBM 174 Extra"]
[Source "ChessBase"]
[SourceDate "2016.10.10"]
[SourceVersion "1"]
[SourceVersionDate "2016.10.10"]
[SourceQuality "1"]

1. d4 d5 2. c4 e5 3. dxe5 d4 4. Nf3 Nc6 5. e4 Bg4 6. Qa4 Qd7 7. Bf4 Bb4+ 8. Nbd2 Nge7 9. a3 Bxd2+ 10. Nxd2 Ng6 11. Bg3 Ncxe5 12. Qxd7+ Bxd7 13. f4 Nc6 14. Bd3 0-0-0 15. b4 h5 16. h3 h4 17. Bh2 Rhe8 18. Nb3 Kb8 19. Kd2 f6 20. b5 Nce7 21. a4 Nh8 22. a5 Nf7 23. c5 Be6 24. Rhb1 f5 25. b6 a6 26. bxc7+ Kxc7 27. c6 Bxb3 28. Rxb3 Nxc6 29. exf5 Nd6 30. f6 gxf6 31. f5 Re3 32. Bf4 Re7 33. Rc1 Kd7 34. Rb6 Rg8 35. Bxa6 Rxg2+ 36. Kd3 Ne5+ 37. Bxe5 Rxe5 38. Bxb7 Rg3+ 39. Kxd4 Nxf5+ 40. Kc4 Rxa5 41. Rxf6 Nd6+ 42. Kb4 Rb5+ 43. Ka4 Rxb7 44. Ka5 Rb5+ 45. Ka4 Rb6 46. Ka5 0-1

[Event "Manaus Amazonas-ch"]
[Site "Manaus"]
[Date "2016.09.10"]
[Round "2"]
[White "Da Fonseca, Jamilly Ferreira"]
[Black "Arenillas, Ramses"]
[Result "0-1"]
[WhiteElo "1337"]
[BlackElo "1859"]
[PlyCount "90"]
[EventDate "2016.09.09"]
[EventType "swiss"]
[EventRounds "7"]
[EventCountry "BRA"]
[SourceTitle "CBM 174 Extra"]
[Source "ChessBase"]
[SourceDate "2016.10.10"]
[SourceVersion "1"]
[SourceVersionDate "2016.10.10"]
[SourceQuality "1"]

1. c4 Nf6 2. Nc3 e5 3. d3 d5 4. Nf3 d4 5. Ne4 Nxe4 6. dxe4 f6 7. g3 Be6 8. b3 c6 9. Bg2 Be7 10. 0-0 0-0 11. Qc2 Na6 12. a3 Rc8 13. Rd1 Qe8 14. e3 c5 15. exd4 cxd4 16. Nh4 b5 17. Bf1 Qc6 18. Qe2 bxc4 19. bxc4 Bxc4 20. Qg4 Be6 21. Qh5 Qxe4 22. Bxa6 Bg4 23. Nf5 Bxh5 24. Nxe7+ Kf7 25. Nxc8 Rxc8 26. Bxc8 Bxd1 27. Bd2 Bc2 28. Re1 Qf3 29. Ba6 Be4 30. Kf1 d3 31. Bc4+ Kg6 32. Bxd3 Bxd3+ 33. Kg1 Be4 34. Kf1 Qd3+ 35. Kg1 Qxd2 36. Rxe4 Qd1+ 37. Kg2 Qd5 38. f3 Qa2+ 39. Kh3 Qxa3 40. Rg4+ Kf7 41. Kh4 Qxf3 42. Ra4 g5+ 43. Kh3 Qf1+ 44. Kg4 h5+ 45. Kxh5 Qh3+ 0-1

[Event "Manauara Benchimol Memorial"]
[Site "Manauara"]
[Date "2016.07.30"]
[Round "3"]
[White "Arenillas, Ramses"]
[Black "Bentes Neto, Pedro"]
[Result "1-0"]
[WhiteElo "1865"]
[BlackElo "1764"]
[PlyCount "70"]
[EventDate "2016.07.28"]
[EventType "swiss"]
[EventRounds "6"]
[EventCountry "BRA"]
[SourceTitle "CBM 173 Extra"]
[Source "ChessBase"]
[SourceDate "2016.08.29"]
[SourceVersion "1"]
[SourceVersionDate "2016.08.29"]
[SourceQuality "1"]

1. d4 d5 2. c4 b6 3. Nc3 e6 4. Bf4 c6 5. e3 Bb7 6. Bd3 a6 7. a3 dxc4 8. Bxc4 b5 9. Be2 Bd6 10. Bg3 Bxg3 11. hxg3 h6 12. Bf3 Nf6 13. Nge2 Nbd7 14. g4 Nd5 15. Ng3 Nxc3 16. bxc3 Nf8 17. Ne4 Ng6 18. Nc5 Qe7 19. Qb3 Rb8 20. a4 0-0 21. axb5 cxb5 22. Bxb7 Rxb7 23. Nxb7 Qxb7 24. f3 Ne7 25. c4 Ra8 26. cxb5 axb5 27. Rxa8+ Qxa8 28. Ke2 Nd5 29. Rc1 Qb8 30. e4 Nf6 31. Qb1 Qg3 32. Rc8+ Kh7 33. e5+ g6 34. exf6 Qxg2+ 35. Ke3 Qg3 1-0

[Event "Anapolis Liga University"]
[Site "Anapolis"]
[Date "2014.05.30"]
[Round "5.11"]
[White "Arenillas, Ramses"]
[Black "Chaves, Thiago de Melo Neve"]
[Result "1-0"]
[WhiteElo "1800"]
[BlackElo "1897"]
[PlyCount "89"]
[EventDate "2014.05.28"]
[EventType "swiss"]
[EventRounds "7"]
[EventCountry "BRA"]
[SourceTitle "EXT 2022"]
[Source "ChessBase"]
[SourceDate "2021.10.06"]
[SourceVersion "1"]
[SourceVersionDate "2021.10.06"]
[SourceQuality "1"]

1. d4 Nf6 2. c4 g6 3. Nc3 Bg7 4. e4 d6 5. Be2 0-0 6. Nf3 Nbd7 7. 0-0 e5 8. dxe5 Nxe5 9. Nxe5 dxe5 10. Bg5 c6 11. Qc2 Be6 12. Rad1 Qc7 13. Rd2 Rad8 14. Rfd1 Rxd2 15. Qxd2 Qd7 16. Qxd7 Nxd7 17. Be7 Re8 18. Bd6 Nb6 19. b3 Rd8 20. Bc5 Rxd1+ 21. Bxd1 Nc8 22. Be3 b6 23. Kf1 Ne7 24. a4 Bc8 25. a5 b5 26. cxb5 cxb5 27. Nxb5 Ba6 28. Be2 Nc6 29. Nxa7 Bxe2+ 30. Kxe2 Nxa5 31. b4 Nb7 32. Kd3 Bf8 33. b5 Nc5+ 34. Kc4 Nxe4 35. Kd5 f5 36. f3 Nd6 37. Kc6 f4 38. Bc5 Nxb5 39. Nxb5 Bxc5 40. Kxc5 Kf7 41. Kd5 Kf6 42. Ke4 h5 43. Na3 h4 44. Nc4 h3 45. gxh3 1-0